Normal view
MARC view
- Siddiqi, Nazeer
Entry Personal Name
001 - CONTROL NUMBER
- control field: 5624
003 - CONTROL NUMBER IDENTIFIER
- control field: NUST
005 - DATE AND TIME OF LATEST TRANSACTION
- control field: 20171025110458.0
008 - FIXED-LENGTH DATA ELEMENTS
- fixed length control field: 171025|| aca||aabn | a|a d
040 ## - CATALOGING SOURCE
- Original cataloging agency: NUST
- Transcribing agency: NUST
100 ## - HEADING--PERSONAL NAME
- Personal name: Siddiqi, Nazeer
670 ## - SOURCE DATA FOUND
- Source citation: Work cat.: (NUST): Siddiqi, Nazeer, Iqbal in his varied aspects /, 1995
